000 02325nam a22003137a 4500
001 9000
003 FISKH
005 20251113120057.0
008 251113b cb ||||| |||| 00| 0 eng d
020 _a9789996301650
040 _aFISKH
_bkhr
_cFISKH
_dFISKH
050 _aPZ7
082 _a823
100 _aSaren, Koam
245 _aសេះនិងចង្រិត :
_bHorse and cricket /
_cនិពន្ធដោយ​ លោក គាំ សារ៉ែន
260 _aPhnom Penh :
_bReading Books ,
_c2012.
300 _a20 pages :
_bcolor illustrations ;
_c25 cm .
490 _aពិភពរឿងនិទាន
505 _aH
520 _aសេះលឺចង្រិតច្រៀងពិរោះលឺច្រេកៗក៏សួរ ។ ចង្រិតក៏ឆ្លើយថាមកពីវាលិឍទឹកសន្សើម ។​ សេះក៏ធ្វើតាមតែសំលេងនៅតែមិនដូច វាក៏គិតថាមកពីវាសុីស្មៅ ដូច្នេះវាក៏សម្រេចចិត្តឈប់សុីស្មៅរហូតធ្លាក់ខ្លួនឈឺ ។ ម្ចាស់វាក៏នាំវាទៅជួបពេទ្យសត្វ ហើយក៏បានពន្យល់វា​ពីសារះប្រយោជន៏របស់សេះ ​។​​​​​​​​​
520 _ahe horse heard the cricket singing beautifully with a cheerful chirping sound and asked it where it came from. The cricket replied that its lovely voice came from drinking fresh dew. The horse tried to do the same, but its voice still didn’t sound as beautiful. Then it thought that maybe the cricket’s voice came from eating grass, so it decided to stop eating grass altogether. As a result, the horse became weak and ill. Its owner took it to see a veterinarian, who explained to the horse the importance and benefits of eating grass for its health.
521 8 _a480
_bLexile estimate
521 8 _aH
_bRaz-Plus
650 _aសេះនិងចង្រិត
_vរឿងនិទានកុមារ
650 _vThe horse and cricket
_xChildren's Stories
700 _aCharkriya, Vat
_eIllustrator
942 _2ddc
_cKHB
_n0
999 _c9000
_d9000